000 00546nam a2200181Ia 4500
999 _c14449
_d14449
003 OSt
005 20201019114539.0
008 190216s9999||||xx |||||||||||||| ||und||
020 _a978817223590100395
040 _coclc
082 _a297.352092
_bNOM/S
100 _aNomani, Asra Q
_95890
245 0 _aStanding Alone In Mecca /
_cAsra Q Nomani
260 _bHarper Collins Publishers ,
_c2007.
_aNew Delhi:
300 _a413p
650 _aEnglish-Travalogues
942 _cBK
_2ddc
_h297.352092
_iNOM/S
_k297.352092
_mNOM/S